Pionierskie lato / (Record no. 74235)
[ view plain ]
| 000 -LEADER | |
|---|---|
| fixed length control field | 00731nam a2200229 i 4500 |
| 005 - DATE AND TIME OF LATEST TRANSACTION | |
| control field | 20250217033552.0 |
| 008 - FIXED-LENGTH DATA ELEMENTS--GENERAL INFORMATION | |
| fixed length control field | 071030s1972 pl a |000 0apol |
| 015 ## - NATIONAL BIBLIOGRAPHY NUMBER | |
| National bibliography number | PB 1972/6097 |
| 040 ## - CATALOGING SOURCE | |
| Original cataloging agency | WA N |
| Transcribing agency | WA N |
| Language of cataloging | pol |
| 080 ## - UNIVERSAL DECIMAL CLASSIFICATION NUMBER | |
| Universal Decimal Classification number | 323:308](438):92 |
| 100 1# - MAIN ENTRY--PERSONAL NAME | |
| Personal name | Ropelewski, Andrzej |
| Dates associated with a name | (1923-2012). |
| 245 10 - TITLE STATEMENT | |
| Title | Pionierskie lato / |
| Statement of responsibility, etc. | Andrzej Ropelewski. |
| 260 ## - PUBLICATION, DISTRIBUTION, ETC. | |
| Place of publication, distribution, etc. | Warszawa : |
| Name of publisher, distributor, etc. | "Czytelnik", |
| Date of publication, distribution, etc. | 1972. |
| 300 ## - PHYSICAL DESCRIPTION | |
| Extent | 234, [2] s. ; |
| Dimensions | 18 cm. |
| 600 14 - SUBJECT ADDED ENTRY--PERSONAL NAME | |
| Personal name | Ropelewski, Andrzej |
| Dates associated with a name | (1923-2012) |
| 651 #4 - SUBJECT ADDED ENTRY--GEOGRAPHIC NAME | |
| Geographic name | Kłodzko (woj. dolnośląskie ; okręg) |
| Chronological subdivision | 1944-1956 r. |
| 655 #4 - INDEX TERM--GENRE/FORM | |
| Genre/form data or focus term | Pamiętniki polskie |
| Chronological subdivision | 1944-1956 r. |
| 610 24 - SUBJECT ADDED ENTRY--CORPORATE NAME | |
| Corporate name or jurisdiction name as entry element | Armia Krajowa. |
| 9 (RLIN) | 1088 |
| 710 2# - ADDED ENTRY--CORPORATE NAME | |
| Corporate name or jurisdiction name as entry element | Spółdzielnia Wydawnicza "Czytelnik". |
| Relationship | pbl. |
| 997 ## - | |
| -- | js |
| 942 ## - ADDED ENTRY ELEMENTS (KOHA) | |
| Source of classification or shelving scheme | Other/Generic Classification Scheme |
| Koha item type | Books |
| Withdrawn status | Lost status | Source of classification or shelving scheme | Damaged status | Not for loan | Home library | Current library | Date acquired | Total checkouts | Full call number | Date last seen | Price effective from | Koha item type |
|---|---|---|---|---|---|---|---|---|---|---|---|---|
| Other/Generic Classification Scheme | Józef Piłsudski Institute | Józef Piłsudski Institute | 05/13/2014 | E 1987 | 05/13/2014 | 05/13/2014 | Books |


